Clic Qui joue dans ce film Ours d'or à Berlin de 1951 à 1975 - Statistiques

Statistiques générales
  • Ce quiz a été pris 4 fois
  • Le résultat moyen est 11 sur 28
Statistiques - réponses
Hint Extra Hint Réponse % Correct
1957 - Douze Hommes en colère Etats-Unis Henry Fonda
100%
1963 - Contes cruels du Bushido Japon Kinnosuke Nakamura
100%
1962 - Un amour pas comme les autres Royaume-Uni Alan Bates
67%
1951 - Sans laisser d'adresse France Bernard Blier
67%
1953 - Le salaire de la peur France Charles Vanel
67%
1964 - Un été sans eau Turquie Hülya Koçyigit
67%
1969 - Travaux précoces Yougoslavie Milja Vujanovic
67%
1968 - Am-stram-gram Suède Per Oscarsson
67%
1952 - Elle n'a dansé qu'un seul été Suède Ulla Jacobsson
67%
1963 - L'Amour à la suédoise Italie Alberto Sordi
33%
1973 - Tonnerres lointains Inde Babita
33%
1958 - Les Fraises sauvages Suède Bibi Andersson
33%
1954 - Chaussure à son pied Royaume-Uni Charles Laughton
33%
1971 - Le Jardin des Finzi-Contini Italie / Allemagne de l'Ouest Dominique Sanda
33%
1965 - Alphaville France / Italie Eddie Constantine
33%
1966 - Cul-de-sac Royaume-Uni Françoise Dorléac
33%
1959 - Les Cousins France Gérard Blain
33%
1961 - La Nuit Italie Jeanne Moreau
33%
1967 - Le Départ Belgique Jean-Pierre Léaud
33%
1975 - Adoption Hongrie Katalin Berek
33%
1955 - Les Rats Allemagne de l'Ouest Maria Schell
33%
1951 - Justice est faite France Noël Roquevert
33%
1974 - L'Apprentissage de Duddy Kravitz Canada Richard Dreyfuss
33%
1972 - Les Contes de Canterbury Italie Hugh Griffith
0%
1960 - El Lazarillo de Tormes Espagne / Italie Marco Paoletti
0%
1951 - Quatre dans une Jeep Suisse Ralph Meeker
0%
1956 - Invitation à la danse Etats-Unis Tamara Toumanova
0%
1951 - La vallée des castors Etats-Unis Winston Hibler
0%
Aucun quiz correspondant
Distribution des résultats
% des personnes avec chaque résultat
Percentile par nombre de réponses
Votre historique - résultats
Vous n’avez pas pris ce quiz